LEADER 00479nas a2200157 i 4500 001 000000130287 003 CaOOAMICUS 005 20041020000000.0 008 041020b it uu u0 0ita r 013 $a103021 040 $aSeMil$bita 245 10$aTitolo mancante. 773 0 $tComo Sacra.$dComo : [s.n.] $w()3235 850 $aSeMil 852 $aSeMil$W1$xVenegono$y1$m249 6 132$j244913$B84339$CSeMilBibl$Z2$F87865 $82 996 $6245$aTitolo mancante$9(OLS)http://semarc/title/46445 LEADER 01128nam a2200253 i 4500 001 000000062071 003 CaOOAMICUS 005 20240404114837.0 008 070702s1972 it u000 u ita u 013 $a33243 040 $aSeMil$bita 100 1 $aPirandello, Luigi,$d<1867-1936>.$0(OLS)http://semarc/name/1133 245 10$aNovelle per un anno :$buna giornata /$cLuigi Pirandello ; con la cronologia della vita di Pirandello e dei suoi tempi, un'introduzione e una bibliografia a cura di Corrado Simioni. 260 $a[Milano] :$bArnoldo Mondadori Editore,$c1972. 300 $aLII, 121 p. ;$c19 cm. 490 0 $aOscar Mondadori ;$vL95 700 1 $aSimioni, Corrado.$0(OLS)http://semarc/name/31497 830 0$aOscar ;$vL95.$0(OLS)http://semarc/title/8669 850 $aSeMil 852 $aSeMil$W1$xVenegono$y1$m1C II 273$j247353$B28224$CSeMilBibl$Z2$F28227 $81 961 $aOmaggio: Ghiringhelli prof. Livio 996 $6245$aNovelle per un anno :$buna giornata$9(OLS)http://semarc/title/97656 996 $6260$a[Milano] :$bArnoldo Mondadori Editore$9(OLS)http://semarc/publisher/29634